Most Popular Sport by Country - Statistics

General Stats
  • This quiz has been taken 53 times
  • The average score is 8 of 15
Answer Stats
Country Sport % Correct
Australia Football
91%
Myanmar Soccer
88%
New Zealand Rugby
86%
Pakistan Cricket
79%
Cuba Baseball
77%
Philippines Basketball
77%
Norway Hockey
77%
Vietnam Tennis
67%
Bahrain Wrestling
56%
Hungary Boxing
42%
North Macedonia Handball
40%
El Salvador Cycling
23%
Slovenia Martial Arts
14%
Estonia Billards
7%
Armenia Skateboarding
5%
No matching quizzes found
Score Distribution
Percent of People with Each Score
Percentile by Number Answered
Your Score History
You have not taken this quiz